00948nam a2200193 a 450000100100000000500170001000800410002704000250006808200140009310000430010724500840015026000400023430000270027495201070030195201080040895201080051695201130062499900170073700003378820200930070523.0110912s1828 nyu 000 0 eng d aDO-SdBNPbspacBNPHU axxxbI72a1 aIrving, Washington,d1783-1859.91198610aA history of the life and voyages of Christopher Columbus /cWashington Irving. aNew York :bG. & C. Carvill,c1828. a3 v. :bmap. ;c24 cm. 001050718RVaGRbGRcCTd2011-09-12iLF1l0ov.1p33788-10r2020-06-25w2020-06-25y1ZNo se presta 001050718RVaGRbGRcCTd2011-09-12iLF1l0ov. 2p33788-20r2020-06-25w2020-06-25y1ZNo se presta 001050718RVaGRbGRcCTd2011-09-12iLF1l0ov. 3p33788-30r2020-06-25w2020-06-25y1ZNo se presta 0010507-18MOaPDbPDcOId2011-09-12iLF1l0oxxx I72ap33789-10r2020-06-25w2020-06-25y1ZNo se presta c33279d33279